| 000 | 00622nam a2200205Ia 4500 | ||
|---|---|---|---|
| 003 | GCL | ||
| 008 | 140319s9999 xx 000 0 ara d | ||
| 040 |
_aGCL / _cGCL |
||
| 082 | 0 | 4 |
_a155 _bم ك |
| 100 | 1 | _aموسى الخطيب | |
| 245 | 1 | 0 |
_aكيف نربى المراهق / _cموسى الخطيب |
| 260 |
_a[S.N] : _bدار الجيل ، _c1994 |
||
| 300 | _a183 ص | ||
| 490 |
_aالموسوعة الذهبية فى نصائح الاسرة _v0 |
||
| 650 | 0 | 4 | _aعلم النفس |
| 650 | 0 | 4 | _aعلم النفس التربوى |
| 650 | 0 | 4 | _aالمراهقة |
| 650 | 0 | 4 | _aالمراهقون |
| 942 |
_2ddc _cBK |
||
| 999 |
_c40773 _d40773 |
||